| 000 | 04903cam a22006135i 4500 | ||
|---|---|---|---|
| 001 | data | ||
| 005 | 20260322212117.0 | ||
| 006 | data | ||
| 007 | data | ||
| 008 | data | ||
| 035 | _a21817472 | ||
| 906 |
_a0 _bibc _corigres _du _encip _f20 _gy-gencatlg |
||
| 925 | 0 |
_aacquire _epcnspringer _xpolicy default |
|
| 010 | _a 2019763213 | ||
| 020 | _a9783319963792 | ||
| 024 | 7 |
_a10.1007/978-3-319-96379-2 _2doi |
|
| 035 | _a(DE-He213)978-3-319-96379-2 | ||
| 040 |
_aDLC _beng _erda _erda _cDLC |
||
| 072 | 7 |
_aHBG _2bicssc |
|
| 072 | 7 |
_aHIS037000 _2bisacsh |
|
| 072 | 7 |
_aNHB _2thema |
|
| 082 | 0 | 4 |
_a909 _223 |
| 097 | 0 | 0 | _aD17-24.5 |
| 245 | 0 | 0 |
_aGems in the Early Modern World : _bMaterials, Knowledge and Global Trade, 1450-1800 / _cedited by Michael Bycroft, Sven Dupré. |
| 250 | _a1st ed. 2019. | ||
| 264 | 1 |
_aCham : _bImprint: Palgrave Macmillan, _bImprint: Palgrave Macmillan, _c2019. |
|
| 300 | _a1 online resource (XVII, 359 pages 48 illustrations, 35 illustrations in color.) | ||
| 336 |
_atext _btxt _2rdacontent |
||
| 337 |
_acomputer _bc _2rdamedia |
||
| 338 |
_aonline resource _bcr _2rdacarrier |
||
| 347 |
_atext file _bPDF _2rda |
||
| 490 | 1 | _aEurope's Asian Centuries | |
| 505 | 0 | _a1. Introduction; Michael Bycroft and Sven Dupré -- Part I. Motion -- 2. The Plundering of the Ceylonese Royal Treasury, 1551-53: its Character, Cost and Dispersal; Hugo Miguel Crespo -- 3. Diamond-studded Paths: Lines of Communication and the Trading Network of the Hellemans Family, Jewellers from Antwerp; Christina M. Anderson -- 4. The Impact of European Trade with Southeast Asia on the Mineralogical Studies of Robert Boyle; Claire Sabel -- Part II. Value -- 5. Branches and Bones: The Transformative Matter of Coral in Ming Dynasty China; Anna Grasskamp -- 6. Boethius de Boodt and Emergence of the Oriental/Occidental Distinction in European Mineralogy; Michael Bycroft -- 7. Good and Bad Diamonds in Seventeenth-century Europe; Marcia Pointon -- 8. The Repudiation and Persistence of Lapidary Medicine in Eighteenth-century Dutch Medicine and Pharmacy; Marieke Hendriksen -- Part III. Skills -- 9. Polito et Claro. The Art and Knowledge of Polishing, 1200-1500; Marjolijn Bol -- 10. Mughal Lapidaries and the Inherited Modes of Production; Taylor L. Viens -- 11. Knowledge, Technique, and Taste in Transit: Diamond Polishing in Europe, 1500-1800; Karin Hofmeester -- 12. Gems and Counterfeited Gems in Early Modern Antwerp: from Workshops to Collections; Marlise Rijks. | |
| 520 | _aThis edited collection is an interdisciplinary study of gems in the early modern world. It examines the relations between the art, science, and technology of gems, and it does so against the backdrop of an expanding global trade in gems. The eleven chapters are organised into three parts. The first part sets the scene by describing how gems moved around the early modern world, how they were set in motion, and how they were pulled together in the course of their travels. The second part is about value. It asks why people valued gems, how they determined the value of a given gem, and how the value of a gem was connected to its perceived place of origin. The third part deals with the skills involved in cutting, polishing, and mounting gems, and how these skills were transmitted and articulated by artisans. The common themes of all these chapters are materials, knowledge and global trade. The contributors to this volume focus on the material properties of gems such as their weight and hardness, on the knowledge involved in exchanging them and valuing them, and on the cultural consequences of the expanding trade in gems in Eurasia and the Americas. | ||
| 588 | _aDescription based on publisher-supplied MARC data. | ||
| 650 | 0 |
_aCivilization _xHistory. |
|
| 650 | 0 | _aHistory. | |
| 650 | 0 | _aWorld history. | |
| 650 | 1 | 4 |
_aWorld History, Global and Transnational History. _0https://scigraph.springernature.com/ontologies/product-market-codes/719000 |
| 650 | 2 | 4 |
_aAsian History. _0https://scigraph.springernature.com/ontologies/product-market-codes/715000 |
| 650 | 2 | 4 |
_aCultural History. _0https://scigraph.springernature.com/ontologies/product-market-codes/723000 |
| 650 | 2 | 4 |
_aEuropean History. _0https://scigraph.springernature.com/ontologies/product-market-codes/717000 |
| 650 | 2 | 4 |
_aHistory of Science. _0https://scigraph.springernature.com/ontologies/product-market-codes/731000 |
| 651 | 0 |
_aAsia _xHistory. |
|
| 651 | 0 |
_aEurope _xHistory. |
|
| 700 | 1 |
_aBycroft, Michael, _eeditor. |
|
| 700 | 1 |
_aDupré, Sven, _eeditor. |
|
| 776 | 0 | 8 |
_iPrint version: _tGems in the early modern world : materials, knowledge and global trade, 1450-1800 _z9783319963785 _w(DLC) 2018951601 |
| 776 | 0 | 8 |
_iPrinted edition: _z9783319963785 |
| 776 | 0 | 8 |
_iPrinted edition: _z9783319963808 |
| 830 | 0 | _aEurope's Asian Centuries | |
| 985 |
_aspringerpcn _ebatch7 |
||
| 991 |
_as-Online _hElectronic Resource |
||
| 999 |
_c1782 _d1782 |
||